Statistics for Video Game Franchises | #4

Click here to take the quiz!

General Stats

  • This quiz has been taken 32 times
  • The average score is 9 of 30

Answer Stats

YearGamesFranchise% Correct
2005II, III: Legends of Rock, World Tour, 5Guitar Hero
87%
1993II: Hell on Earth, Resurrection of Evil, BFG EditionDoom
68%
1992Dream Land, Super Star, 64: The Crystal ShardsKirby
68%
19962: Cortex Strikes Back, TwinsanityCrash Bandicoot
65%
1999Bad Fur Day, Pocket Tales, Live & ReloadedConker
61%
1986Vampire Killer, Dracula's Curse, Aria of SorrowCastlevania
58%
1998Ripto's Rage!, Season of Ice, A Hero's TailSpyro
58%
2010The Power of Two, Power of IllusionEpic Mickey
39%
1993Adventures, Assault, Command, ZeroStar Fox
39%
1998Chronicles, Chronicles X, Episode IXeno
39%
1997Dinosaur Hunter, Rage Wars, Evolution, Seeds of EvilTurok
32%
20062, 3, Judgement, 4, Ultimate EditionGears of War
29%
1991Test of Time, Conquests, Gods & KingsCivilization
26%
1999Underground, Warfighter, Infiltrator, HeroesMedal of Honor
26%
2000Shogun, Medieval, Rome, Empire, Attila, WarhammerTotal War
26%
2004Urban GT, 3: Street Rules, 8: AirborneAsphalt
23%
1986Kenshin, Wars, I, II, III, IV, V, VI, VII, VIII, IX, X, XIDragon Quest
16%
20131, WhistleblowerOutlast
16%
19982ndMix, 3rdMix, Extreme, SuperNovaDance Dance Revolution
13%
20082, 3, Extraction, IgnitionDead Space
13%
2004II, III, The Journey, Heroes, LegendsFable
13%
1996Team Arena, Scourge of Armagon, Dissolution of EternityQuake
13%
1988II: The Dark Sword of Chaos, III: The Ancient Ship of DoomNinja Gaiden
10%
1993Riven, Exile, Revelation, End of AgesMyst
6%
1981The First Age of Darkness, The Black GateUltima
6%
2001Creature Isle, 2, Battle of the GodsBlack & White
3%
20072, 3, WarheadCrysis
3%
2002G.U., Link.hack
3%
1998II, The 3rd BirthdayParasite Eve
3%
1987Vanished, The Dark of Naphishtim, Origin, SevenYs
0%

Score Distribution

Percentile by Number Answered

Percent of People with Each Score

Your Score History

You have not taken this quiz